Datum a čas kvízu
29.5
Celkem bodů
Celkový počet nahraných bodů na tomto kvízu bez doplňovacích otázek.
6.
Pořadí na kvízu
Konečné umístění týmu na tomto kvízu.
Zaznamenané odpovědi
| # | Otázka | Odpověď | Body | Výsledky |
|---|---|---|---|---|
| 1. | Který muž jako teprve druhý Če... | Jan Lipavský | 0 | |
| 2. | Ve které zemi minulý týden pro... | v Íránu | 0 | |
| 3. | Britský rapper Stormzy vydal m... | Usain Bolt | 1 | |
| 4. | V pondělí rozhodl soud, že jed... | Goodyear | 0 | |
| 5. | Jedna bývalá česká sportovkyně... | Gabriela Soukalová | 1 | |
| 6. | Vítězné téma facebookového hla... | C. Attlee, H. Truman, Stalin | 0 | |
| 7. | Vyberte název prvního vesmírné... | A | 1 | |
| 8. | Kdo dne 5. ledna 1968 nahradil... | Alexandr Dubček | 0 | |
| 9. | V roce 1988 došlo nad skotským... | Muammar Kaddáfí | 0 | |
| 10. | Seřaďte níže vypsané události... | 1D 2B 3A 4C | 0 |